00726nam a2200205Ia 4500008004100000050001000041050001500051100002600066245005700092245005100149260002300200260000900223300002200232300001900254300001100273650006200284650004100346999001900387952011400406160319s9999 xx 000 0 und d a923.1 bD331s 1949 aDel Castillo, Teofila 4aThe saga of Jose P. Laurel (his brother's keeper) /  cby Teofilo del Castillo and Jose del Castillo. bNational Bookstore c2003 a vii, 358 pages : billustrations  c21 cm. aLaurel, José Paciano -- Pres. Philippine Islands, 1891- aWorld War, 1939-1945 -- Philippines. c292242d292242 001040aSSISBbSSISBcFILd2016-03-19l0oFil 923.1 D331s 1949pUS 0375r2016-03-19 00:00:00w2016-03-19yBK